1311 1933 1157 1599 1679 1682 1097 1460 1349 1805 1288 1978 1607 1592 1384 1325 1879 1713 1402 1731 1048 1039 1134 1017 1466 1060 1863 1814 1478 1157 1726 1558 1742 1641 1583 1224 1785 1777 1762 1403 1616 1982 1503 1948 1200 1843 1589 1531 1671 1473 1544 1885 1961 1248 1456 1950 1115 1550 1727 1599 1603 1854 1842 1522 1556 1766 1692 1429 1311 1374 1328 1839 1255 1062 1886 1911 1102 1681 1148 1455 1198 1805 1871 1543 1911 1950 1241 1683 1176 1479 1406 1551 1154 1451 1435 1007 1127 1524 1045 BCNSPRNW ULIB Ver.6.0+V

เปลี่ยนเป็นภาษาไทย

Change to English
 แสดงรายละเอียดบรรณานุกรม
  กลับหน้าหลัก

Brief Record : Get Marc (ISO 2709) : E-mail record : QR code < ปิดหน้าต่าง
LEADER : 00000nam 2200000uu 4500
001    13399112571
003     ULIB
008    110825s2545||||th 000 0 tha d
020    9741318588
050  4 HQ743^bศ631ค 2545
100 0  ศิริรัตน์ แอดสกุล
245 10 ครอบครัว :^bสาระที่น่ารู้ /^cศิริรัตน์ แอดสกุล
250    พิมพ์ครั้งที่ 2
260    กรุงเทพฯ :^bภาควิชาสังคมวิทยาและมานุษยวิทยา คณะรัฐศาสตร์ จุฬาลงกรณ์มหาวิทยาลัย,^c2545
300    144 หน้า ;^c21 ซม.
650  4 ครอบครัว
650  4 ความสัมพันธ์ในครอบครัว
710 2  จุฬาลงกรณ์มหาวิทยาลัย. ^bคณะรัฐศาสตร์.^bภาควิชาสังคมวิทยาและมานุษยวิทยา
945    ^p80^l0^i015245
995    ทศพร
999 ^a ใช้งานได้ทุกระบบ
รายการนี้ยังไม่มีแท็ก
คุณยังไม่ได้ล็อกอิน คุณสามารถมีกิจกรรมร่วมกับเว็บไซต์ได้ แต่ต้องล็อกอินก่อน ::
  ล็อกอิน

รายการสื่อสารสนเทศ

ลำดับที่ ประเภท เลขเรียก/บาร์โค้ด สถานที่ สถานะ
- ไม่พบข้อมูล -

รายการใกล้เคียง
    ผู้แต่ง [ศิริรัตน์ แอดสกุล]

    หัวเรื่อง [ครอบครัว]
    หัวเรื่อง [ความสัมพันธ์ในครอบครัว]

BibComment


ยังไม่เคยถูกคอมเมนท์

คอมเมนท์ทรัพยากรรายการนี้
  คอมเมนท์: ครอบครัว สาระที่..


 Copyright 2026. Bcnsprnw @Library